Spomienky na babku z Liesku vydané pri príležitosti 55. výročia úmrtia a 140. výročia narodenia

Podrobná bibliografia
Hlavný autor: Štúrová, Anna (Autor, Zostavovateľ, kompilátor)
Ďalší autori: Škvarková, Beáta (Ilustrátor)
Médium: Kniha
Jazyk:slovenčina
Fyzický popis:349 strán faksimile, fotografie (niektoré farebné), ilustrácie 23 cm
Vydavateľské údaje: [Martin] [BERISS - Ing. Peter Beňo] 2025
ISBN:9788085582246
Vydanie:Piate rozšírené slovenské vydanie
Predmet:

MARC

LEADER 00000cam a2200000 4500
001 vtls012291468
003 SK-MaSNL
005 20260301152712.0
008 260213s2025 xo hoa grhn 010 0bslo
020 |a 9788085582246  |q (viazané) 
040 |a SNK  |b slo  |c SNK  |e rda 
041 0 |a slo 
043 |a e-xo--- 
044 |a xo  |c SK 
072 7 |a 615.8  |x Fyzioterapia. Psychoterapia. Alternatívna medicína  |2 konspekt 
072 7 |a 929  |x Biografie  |2 konspekt 
080 |a (082.2)  |2 2011 
080 |a 615.89  |2 2011 
080 |a 614.253.5  |2 2011 
080 |a 437.641  |2 2011 
080 |a (0:82-94)  |2 2011 
100 1 |a Štúrová, Anna  |4 aut  |4 com  |9 431391 
245 1 0 |a Spomienky na babku z Liesku  |b vydané pri príležitosti 55. výročia úmrtia a 140. výročia narodenia  |c zozbierala a zostavila: Anna Štúrová ; ilustrácie: Beáta Škvarková 
250 |a Piate rozšírené slovenské vydanie 
264 1 |a [Martin]  |b [BERISS - Ing. Peter Beňo]  |c 2025 
300 |a 349 strán  |b faksimile, fotografie (niektoré farebné), ilustrácie  |c 23 cm 
500 |a Vydavateľské údaje podľa NA ISBN 
500 |a Na titulnom liste: Venované pamiatke Márii Dreveňákovej, babici a ľudovej lekárke (1878-1962) a obci Liesek 
504 |a Obsahuje bibliografiu 
600 1 7 |a Dreveňáková, Anna,  |d 1878-1962  |2 SNKMA  |9 431392 
650 0 7 |a ľudové liečiteľstvo  |2 SNKPH  |9 1145 
650 0 7 |a Folk healing  |2 SNKPHeng  |9 313777 
650 0 7 |a pôrodné asistentky  |2 SNKPH  |9 67638 
650 0 7 |a Midwives  |2 SNKPHeng  |9 268415 
651 7 |a Liesek (Slovensko)  |2 SNKPHgeo  |9 88211 
651 7 |a Liesek (Slovakia)  |2 SNKPHeng  |9 431393 
655 7 |a spomienky  |2 SNKPH  |9 29509 
655 7 |a Jubilee books  |2 SNKPHeng  |9 281827 
655 7 |a Reminiscences  |2 SNKPHeng  |9 93477 
655 7 |a jubilejné publikácie  |2 SNKPH  |9 70339 
700 1 |a Škvarková, Beáta  |4 ill  |9 431394 
852 |a Slovenská národná knižnica 
919 |a 978-80-85582-24-6 
958 |a LX 
958 |a BX 
999 |c 789901  |d 791831 
952 |a SNK  |b SNK  |y NEVYP  |7 1  |p 17A1507885  |o snkSC 213286  |i snk2026/2376  |8 0  |0 0  |1 0  |4 0  |d 2026-02-13  |l 0  |r 2026-02-24 01:33:06  |w 2026-02-24